Guía para el manejo de energías alternativas / (Registro nro. 5473)

Detalles MARC
000 -CABECERA
Campo de control 00940nam a2200277 a 4500
005 - FECHA Y HORA DE LA ULTIMA TRANSACCION
Campo de control 20191224041806.0
008 - ELEMENTOS DE LONGITUD FIJA—INFORMACION GENERAL
Campo de control 160228s2003 ck a gr|||| 000 0 spa d
020 ## - ISBN
ISBN 9586981002
040 ## - FUENTE DE CATALOGACIÓN
Agencia catalogadora original CO-BoIAVH
Agencia transcriptora CO-BoIAVH
041 0# - IDIOMA
Código de idioma para texto/pista de sonido o título separado Español
044 ## - PAÍS DE PUBLICACIÓN
País de publicación Colombia
082 04 - NUMERO DE CLASIFICACION DECIMAL DEWEY
Número de clasificación 333.79
Número del ítem P79g
100 1# - ASIENTO PRINCIPAL--NOMBRE PERSONAL
Nombre personal Pongutá Hurtado, Juan José
9 (RLIN) 63149
245 10 - MENCION DE TITULO
Título Guía para el manejo de energías alternativas /
Mención de responsabilidad Convenio Andrés Bello
260 ## - PUBLICACION, DISTRIBUCION, ETC. (PIE DE IMPRENTA)
Lugar de publicación, distribución, etc. Bogotá :
Nombre del editor, distribuidor, etc. Convenio Andrés Bello,
Fecha de publicación, distribución, etc. 2003.
300 ## - DESCRIPCION FISICA
Extensión 47 páginas :
Otros detalles físicos Ilustraciones ;
Dimensiones 28 x 21 cm.
490 0# - MENCION DE SERIE
Mención de serie Guías agroindustriales de las UPAR;
Designación numérica/secuencial del volumen 14
500 ## - NOTA GENERAL
Nota general Incluye glosario: páginas 37-38.
504 ## - NOTA DE BIBLIOGRAFIA, ETC.
Nota de bibliografía Incluye referencias bibliográficas: página 35.
650 16 - ASIENTO SECUNDARIO DE MATERIA - TERMINO TEMATICO
Término temático o nombre geográfico como elemento de entrada Energías alternativas
9 (RLIN) 19894
650 24 - ASIENTO SECUNDARIO DE MATERIA - TERMINO TEMATICO
Término temático o nombre geográfico como elemento de entrada Energía hidráulica
9 (RLIN) 63150
650 24 - ASIENTO SECUNDARIO DE MATERIA - TERMINO TEMATICO
Término temático o nombre geográfico como elemento de entrada Energía eólica
9 (RLIN) 63151
650 24 - ASIENTO SECUNDARIO DE MATERIA - TERMINO TEMATICO
Término temático o nombre geográfico como elemento de entrada Energía solar
9 (RLIN) 19895
710 2# - ASIENTO SECUNDARIO - NOMBRE CORPORATIVO
Nombre corporativo o de jurisdicción como elemento de entrada Convenio Andrés Bello
9 (RLIN) 3230
942 ## - ELEMENTOS ADICIONALES (KOHA)
Tipo de ítem Libro
Sistema de clasificación Dewey Decimal Classification
Existencias
Withdrawn status Lost status Sistema de Clasificación Damaged status No para préstamo Colección Inventariado Ubicación Permanente Ubicación actual Fecha de adquisición Fuente de Valor Valor Total Checkouts Número topográfico Inventario / Código de Barras Date last seen Ejemplar Price effective from Forma de adquisición Tipo de material
    Dewey Decimal Classification     General Inventariado 2017 Bogotá Bogotá 27/04/2007 Instituto 15000.00   LB-333.79 P79g 023993 04/12/2012 Ej.1 04/12/2012 Canje Libro